| 000 | 01422nam a2200445 4500 | ||
|---|---|---|---|
| 001 | a4433444 | ||
| 003 | DO-SdBNP | ||
| 005 | 20231019104412.0 | ||
| 007 | a4433444 | ||
| 008 | 081124s1993 sp | ||
| 015 | _a | ||
| 017 |
_a _b |
||
| 020 | _a8480570423 | ||
| 035 | _a | ||
| 040 |
_aBPMSU _bspa _cBPMSU _e |
||
| 082 | 4 |
_a891.623 _bG973v 1993 _222 |
|
| 100 | 1 |
_4 Swift, Jonathan, _d1667-1745. |
|
| 245 | 1 | 4 |
_aLos viajes de Gulliver / _cJonathan Swiff ;traducción y notas de Pedro Guardia Massó _h |
| 260 |
_aBarcelona : _bRBA, _c1993 |
||
| 300 |
_a271 p. ; _c23 cm. _b |
||
| 490 | 0 |
_aHistoria de la literatura, _v20 _a |
|
| 500 | _aIncluye referencias bibliográficas y notas al pie de las páginas | ||
| 500 | _a | ||
| 500 | _a | ||
| 521 | _aAptas para todos los públicos | ||
| 534 |
_aTìtulo original : _tGulliver's travels |
||
| 546 | _aVersiones en español e inglés, con subtítulos opcionales en español e inglés | ||
| 590 | _aInventariado, 2023/VM | ||
| 650 | 4 | _aNovela juvenil irlandesa | |
| 650 | 4 |
_aMitos geográficos _vNovela |
|
| 650 | 4 |
_aViajes imaginarios _vNovela |
|
| 650 | 4 | _aNovela de aventuras | |
| 651 | _2 | ||
| 700 | 1 |
_aAcedo Lobatón, Ricardo _etr. _d |
|
| 700 | 1 |
_aAlférez Gonzáles, Pedro _eil. |
|
| 730 | 0 | 2 |
_aBetty Boop _lEspañol |
| 730 | 0 | 2 |
_aAlice in Wonderland _lEspañol |
| 910 | _aVMateo V. Control de calidad. BPMSU | ||
| 942 |
_2ddc _cBK |
||
| 999 |
_c9121 _d9121 |
||